| 000 | 00399nam a22001577a 4500 | ||
|---|---|---|---|
| 003 | OSt | ||
| 008 | 201117b ||||| |||| 00| 0 eng d | ||
| 020 | _a9780714710495 | ||
| 100 | _aYANKOVSKY, George | ||
| 245 | _aDifferential and Integral Calculus | ||
| 250 | _a2nd Revised edition | ||
| 260 |
_aNew Delhi _bCBS publisher _c1996 |
||
| 300 | _a576p. | ||
| 650 | _aB.Sc Non Medical | ||
| 942 |
_2ddc _cBK |
||
| 999 |
_c9121 _d9121 |
||